Fire in the Gulf (Record no. 31449)

MARC details
000 -LEADER
fixed length control field 00549nam a2200157 a 4500
008 - FIXED-LENGTH DATA ELEMENTS--GENERAL INFORMATION
fixed length control field 160824s2007 ||||||||||||||||| || u
020 ## - INTERNATIONAL STANDARD BOOK NUMBER
International Standard Book Number 1600760333
050 ## - LIBRARY OF CONGRESS CALL NUMBER
Classification number PS 3562.L68F5
100 ## - MAIN ENTRY--PERSONAL NAME
Personal name Lloyd, Cynthia
245 10 - TITLE STATEMENT
Title Fire in the Gulf
Statement of responsibility, etc. By Cynthia Lloyd
260 ## - PUBLICATION, DISTRIBUTION, ETC.
Place of publication, distribution, etc. Danville, Ca
Name of publisher, distributor, etc. Stonegarden.Net Publishing
Date of publication, distribution, etc. 2007
300 ## - PHYSICAL DESCRIPTION
Extent 272 p.
350 ## -
-- 12.95
650 ## - SUBJECT ADDED ENTRY--TOPICAL TERM
Topical term or geographic name entry element ENGLISH LANGUAGE
995 ## -
-- FICTION Collection
-- 746814
-- CBU-SCHOOL OF MEDICINE LIBRARY (Ndola)
-- 12.95
-- PS 3562.L68F5
-- 1
-- AVAILABLE
-- Sep 23, 2016
-- 746814
-- Fiction Collection
999 ## -
-- 31449
-- 31449
Holdings
Withdrawn status Lost status Source of classification or shelving scheme Damaged status Not for loan Permanent Location Current Location Shelving location Date acquired Total Checkouts Full call number Barcode Date last seen Price effective from Koha item type
          CBU-SCHOOL OF MEDICINE LIBRARY, NDOLA. CBU-SCHOOL OF MEDICINE LIBRARY, NDOLA.   11/30/2022   PS 3562.L68F5 746814 11/30/2022 11/30/2022 MONOGRAPH